| 000 | 00978cam a2200277 a 4500 | ||
|---|---|---|---|
| 001 | 21635 | ||
| 003 | BD-RjUL | ||
| 005 | 20211209000718.0 | ||
| 008 | 140305s1985 ii b 001 0 eng | ||
| 035 | _a(BD-RjUL)21700 | ||
| 040 |
_aDLC _cDLC _dDLC _dBD-RjUL _beng |
||
| 041 | _aeng | ||
| 082 | 0 | 0 |
_a821.80938 _219 _bDHM 1985 |
| 100 | 1 |
_aDhar, A. N., _d1929- _966798 |
|
| 245 | 1 | 0 |
_aMysticism in literature / _cA.N. Dhar ; foreword by Ronald Tamplin. |
| 260 |
_aNew Delhi : _bAtlantic Publishers & Distributors, _cc1985. |
||
| 300 |
_axii, 237 p. ; _c23 cm. |
||
| 504 | _aBibliography: p. [225]-232 and index. | ||
| 600 | 1 | 0 |
_aPatmore, Coventry, _d1823-1896 _xCriticism and interpretation. _966802 |
| 600 | 1 | 0 |
_aThompson, Francis, _d1859-1907 _xCriticism and interpretation. _966803 |
| 650 | 0 |
_aEnglish poetry _y19th century _xHistory and criticism. _966801 |
|
| 650 | 0 |
_aMysticism in literature. _954103 |
|
| 942 |
_2ddc _cBK |
||
| 999 |
_c21635 _d21635 |
||